NBA Top 100 All-Time: Three Pointers Made - Statistics

General Stats
  • This quiz has been taken 4,256 times
    203 since last reset
  • The average score is 51 of 100
Answer Stats
# Player Three Pointers % Correct
1 Stephen Curry 4,248
100%
6 LeBron James 2,636
98%
2 James Harden 3,390
96%
4 Klay Thompson 2,899
95%
10 Kevin Durant 2,377
92%
3 Ray Allen 2,973
92%
7 Reggie Miller 2,560
89%
48 Mike Miller 1,590
88%
5 Damian Lillard 2,804
87%
32 Kobe Bryant 1,827
83%
26 Kyrie Irving 1,876
80%
9 Paul George 2,449
78%
T60 Russell Westbrook 1,495
78%
27 Chris Paul 1,870
76%
8 Kyle Korver 2,450
76%
47 Jayson Tatum 1,593
75%
T42 Luka Dončić 1,632
75%
22 Dirk Nowitzki 1,982
74%
89 Jaylen Brown 1,284
72%
T75 Kawhi Leonard 1,359
72%
40 Steve Nash 1,685
72%
35 Carmelo Anthony 1,731
70%
23 Joe Johnson 1,978
70%
14 Kyle Lowry 2,209
69%
25 J.R. Smith 1,930
68%
51 Danny Green 1,577
67%
T53 Devin Booker 1,546
67%
20 Jason Kidd 1,988
67%
64 Lou Williams 1,457
67%
T84 Trae Young 1,304
67%
17 Paul Pierce 2,155
65%
T29 Donovan Mitchell 1,842
63%
11 Vince Carter 2,290
63%
82 Anthony Edwards 1,314
61%
T70 Jamal Murray 1,391
61%
37 Bradley Beal 1,724
58%
16 CJ McCollum 2,180
58%
36 Kevin Love 1,727
56%
62 Khris Middleton 1,476
56%
97 Stephen Jackson 1,252
56%
78 Baron Davis 1,332
55%
18 Eric Gordon 2,092
54%
21 Mike Conley 1,986
54%
24 J.J. Redick 1,950
53%
T60 Manu Ginobili 1,495
53%
T72 Antoine Walker 1,386
52%
13 Jamal Crawford 2,221
52%
41 Kemba Walker 1,666
52%
15 Buddy Hield 2,201
51%
31 Chauncey Billups 1,830
51%
12 Jason Terry 2,282
51%
T42 Zach LaVine 1,632
51%
39 Jrue Holiday 1,711
50%
96 Clifford Robinson 1,253
49%
68 Duncan Robinson 1,422
49%
56 Tim Hardaway 1,542
49%
19 Tim Hardaway Jr. 2,068
49%
T70 Tobias Harris 1,391
49%
34 Peja Stojakovic 1,760
48%
87 Terry Porter 1,299
46%
88 Andrew Wiggins 1,285
44%
T53 Eddie Jones 1,546
42%
T72 Fred VanVleet 1,386
42%
38 Dale Ellis 1,719
39%
100 Derek Fisher 1,248
38%
33 Rashard Lewis 1,787
38%
28 Wesley Matthews 1,845
38%
50 Harrison Barnes 1,578
37%
44 D'Angelo Russell 1,609
35%
81 Ryan Anderson 1,325
35%
52 Glen Rice 1,559
34%
49 Kentavious Caldwell-Pope 1,588
34%
T29 Nicolas Batum 1,842
33%
T53 Patty Mills 1,546
33%
46 Trevor Ariza 1,605
31%
80 Mitch Richmond 1,326
30%
94 Lauri Markkanen 1,257
29%
91 Bogdan Bogdanović 1,266
28%
59 Bojan Bogdanović 1,511
28%
45 Jason Richardson 1,608
28%
58 Mike Bibby 1,519
28%
69 Brent Barry 1,395
26%
63 Jordan Clarkson 1,472
26%
T98 Shane Battier 1,250
26%
77 Terry Rozier 1,356
26%
67 Malik Beasley 1,453
25%
86 Marcus Morris 1,300
24%
65 Danilo Gallinari 1,456
22%
83 Allan Houston 1,305
21%
66 Michael Finley 1,454
20%
57 Nick Van Exel 1,528
19%
T75 Evan Fournier 1,359
17%
79 Terrence Ross 1,329
17%
74 Dan Majerle 1,360
15%
93 D.J. Augustin 1,262
15%
T84 Mike Dunleavy Jr. 1,304
15%
T98 C.J. Miles 1,250
14%
90 Mookie Blaylock 1,283
14%
92 Robert Covington 1,263
14%
95 Vernon Maxwell 1,256
13%
No matching quizzes found
Score Distribution
Percent of People with Each Score
Percentile by Number Answered
Your Score History
You have not taken this quiz since the last reset